Literature, in theory : (Record no. 22238)
[ view plain ]
| 000 -LEADER | |
|---|---|
| fixed length control field | 00618nam a2200181 a 4500 |
| 005 - DATE AND TIME OF LATEST TRANSACTION | |
| control field | 20140310183356.0 |
| 008 - FIXED-LENGTH DATA ELEMENTS--GENERAL INFORMATION | |
| fixed length control field | 130326s19uu xx 00 eng d |
| 020 ## - INTERNATIONAL STANDARD BOOK NUMBER | |
| International Standard Book Number | 9781441123244 |
| 050 ## - LIBRARY OF CONGRESS CALL NUMBER | |
| Classification number | PN 441 |
| Item number | .W65 2010 |
| 100 ## - MAIN ENTRY--PERSONAL NAME | |
| Personal name | Wolfreys, Julian |
| 245 ## - TITLE STATEMENT | |
| Title | Literature, in theory : |
| Remainder of title | tropes, subjectivities, responses & responsibilities / |
| Statement of responsibility, etc | Julian Wolfreys. |
| 260 ## - PUBLICATION, DISTRIBUTION, ETC. (IMPRINT) | |
| Place of publication, distribution, etc | London : |
| Name of publisher, distributor, etc | Continuum, |
| Date of publication, distribution, etc | 2010. |
| 300 ## - PHYSICAL DESCRIPTION | |
| Extent | 306 p. : |
| Dimensions | 23 cm. |
| 500 ## - GENERAL NOTE | |
| General note | Includes bibliographical references (p. [285]-299) and index |
| 650 ## - SUBJECT ADDED ENTRY--TOPICAL TERM | |
| Topical term or geographic name as entry element | Literature |
| General subdivision | History and criticism |
| -- | Theory, etc |
| 942 ## - ADDED ENTRY ELEMENTS (KOHA) | |
| Koha item type | Books |
| Source of classification or shelving scheme | Library of Congress Classification |
| Call number prefix | Foreign |
| Withdrawn status | Lost status | Source of classification or shelving scheme | Damaged status | Home library | Current library | Shelving location | Date acquired | Source of acquisition | Cost, normal purchase price | Total Checkouts | Full call number | Barcode | Date last seen | Date checked out | Copy number | Price effective from | Koha item type |
|---|---|---|---|---|---|---|---|---|---|---|---|---|---|---|---|---|---|
| Library of Congress Classification | College Library | College Library | General Circulation Section | 03/26/2013 | Donation | 2240.00 | 1 | PN 441 .W65 2010 | C16047 | 05/15/2018 | 06/16/2017 | 1 | 10/10/2013 | Books |